Every Country with an Olympic Medal: Aquatics - Statistics

General Stats
  • This quiz has been taken 22 times
    5 since last reset
  • The average score is 104 of 127
Answer Stats
Sport # of Medals Country % Correct
Swimming 4 Argentina
100%
Diving 15 Australia
100%
Marathon Swimming 2 Australia
100%
Swimming 230 Australia
100%
Water Polo 1 Australia
100%
Swimming 12 Austria
100%
Swimming 3 Belarus
100%
Swimming 5 Belgium
100%
Water Polo 6 Belgium
100%
Marathon Swimming 2 Brazil
100%
Swimming 15 Brazil
100%
Artistic Swimming 8 Canada
100%
Diving 15 Canada
100%
Marathon Swimming 1 Canada
100%
Swimming 62 Canada
100%
Artistic Swimming 9 China
100%
Diving 92 China
100%
Swimming 61 China
100%
Diving 2 Denmark
100%
Swimming 15 Denmark
100%
Diving 7 East Germany
100%
Swimming 92 East Germany
100%
Swimming 5 Finland
100%
Artistic Swimming 1 France
100%
Diving 1 France
100%
Marathon Swimming 1 France
100%
Swimming 49 France
100%
Water Polo 3 France
100%
Diving 22 Germany
100%
Marathon Swimming 4 Germany
100%
Swimming 63 Germany
100%
Water Polo 3 Germany
100%
Artistic Swimming 1 Great Britain
100%
Diving 18 Great Britain
100%
Marathon Swimming 3 Great Britain
100%
Swimming 84 Great Britain
100%
Water Polo 3 Great Britain
100%
Diving 1 Greece
100%
Marathon Swimming 1 Greece
100%
Swimming 7 Greece
100%
Water Polo 1 Greece
100%
Marathon Swimming 4 Hungary
100%
Swimming 74 Hungary
100%
Swimming 3 Hungary
100%
Water Polo 16 Hungary
100%
Diving 11 Italy
100%
Marathon Swimming 4 Italy
100%
Swimming 31 Italy
100%
Water Polo 8 Italy
100%
Diving 17 Mexico
100%
Swimming 2 Mexico
100%
Artistic Swimming 1 Netherlands
100%
Marathon Swimming 5 Netherlands
100%
Swimming 60 Netherlands
100%
Water Polo 3 Netherlands
100%
Swimming 7 New Zealand
100%
Swimming 2 Norway
100%
Swimming 6 Poland
100%
Swimming 11 Romania
100%
Artistic Swimming 10 Russia
100%
Diving 18 Russia
100%
Marathon Swimming 1 Russia
100%
Swimming 22 Russia
100%
Water Polo 2 Russia
100%
Swimming 1 Serbia
100%
Water Polo 5 Serbia
100%
Swimming 2 Slovakia
100%
Swimming 1 Slovenia
100%
Artistic Swimming 5 Spain
100%
Swimming 8 Spain
100%
Water Polo 3 Spain
100%
Diving 21 Sweden
100%
Swimming 41 Sweden
100%
Water Polo 3 Sweden
100%
Swimming 4 Switzerland
100%
Artistic Swimming 2 Ukraine
100%
Diving 2 Ukraine
100%
Swimming 10 Ukraine
100%
Artistic Swimming 10 USA
100%
Diving 142 USA
100%
Marathon Swimming 1 USA
100%
Swimming 607 USA
100%
Water Polo 10 USA
100%
Swimming 22 West Germany
100%
Water Polo 1 West Germany
100%
Swimming 3 Bulgaria
80%
Swimming 1 Croatia
80%
Water Polo 4 Croatia
80%
Diving 2 Egypt
80%
Swimming 8 Ireland
80%
Artistic Swimming 14 Japan
80%
Diving 1 Japan
80%
Swimming 84 Japan
80%
Swimming 1 Lithuania
80%
Diving 1 North Korea
80%
Swimming 22 South Africa
80%
Swimming 5 South Korea
80%
Diving 14 Soviet Union
80%
Swimming 59 Soviet Union
80%
Water Polo 7 Soviet Union
80%
Swimming 3 Yugoslavia
80%
Water Polo 7 Yugoslavia
80%
Swimming 2 Cuba
60%
Swimming 4 Hong Kong
60%
Swimming 1 Singapore
60%
Diving 2 Czechoslovakia
40%
Swimming 2 Kazakhstan
40%
Diving 2 Malaysia
40%
Marathon Swimming 1 Tunisia
40%
Swimming 4 Tunisia
40%
Swimming 1 Venezuela
40%
Swimming 4 Costa Rica
20%
Swimming 2 Suriname
20%
Swimming 1 Trinidad and Tobago
20%
Diving 3 Unified Team
20%
Swimming 12 Unified Team
20%
Water Polo 1 Unified Team
20%
Swimming 8 Zimbabwe
20%
Swimming 9 Australasia
0%
Water Polo 2 Mixed Team
0%
Swimming 2 Philippines
0%
Artistic Swimming 2 Russian Olympic Committee
0%
Diving 1 Russian Olympic Committee
0%
Swimming 6 Russian Olympic Committee
0%
Water Polo 2 Serbia and Montenegro
0%
Diving 4 United Team of Germany
0%
Swimming 12 United Team of Germany
0%
No matching quizzes found
Score Distribution
Percent of People with Each Score
Percentile by Number Answered
Your Score History
You have not taken this quiz since the last reset